000 01893nam2a2200301 4500
001 RU\NLR\BIBL_A\012750770
005 20250624142510.0
035 _a(NLR Aleph) 012750770
090 _a13031282
_c13031282
100 _a20220404d1866 |||y0rusy50 ca
101 0 _arus
102 _aRU
105 _aac z |||||
135 _acogo 008apabr
200 1 _aОтделы: исторический и этнографический
_fс литографированными: портретом М. В. Ломоносова, видом дер. Денисовки и изображением памятника Ломоносову в Архангельске
210 _d1866
_aБ. м.
215 _a[4], XXXII, 96, 131, [4] с., 1л. портр, 2 л. ил.
_d26
316 _aЭкз. РНБ на шифре 132/5495(1) деф.: отсутствуют 1 л. портр. и 2 л. ил.
_5NLR: 132/5495(1)
325 _aКопия доступна в Электрон. б-ке РНБ
461 0 _1001RU\NLR\BIBL_A\012750768
_12001#$aТруды Архангельского губернского статистического комитета$v... за 1865 год. Книга 1
_913031275
_aАрхангельский губернский статистический комитет
_cАрхангельск
_d1866-1891
_tТруды Архангельского губернского статистического комитета
_v... за 1865 год. Книга 1
852 _aNLR
_j18.98.2.45(1)
852 _aNLR
_j132/5495(1)
856 0 _uhttps://nlr.ru/elibrarypro/memo/RA5946/content?id=389
942 _cBOOK
980 _aNB
981 2 2 _a(22) Материалы по истории России
_b(22) Материалы по отдельным регионам